00385nam a2200145Ia 4500008004100000020001800041041000800059082001600067100003300083245006600116250000600182260002000188300001100208650002000219210716s2009 xx 000 0 und d a9788184121094 aeng a657.42 AGRN aAgrawal, N K; Jain, Deepali. aCost accounting: concepts and methods.bConcepts and methods. a1 aNew Delhic2009 a9.39,8 aCost Accounting